Detalles MARC
| 000 -CABECERA |
| campo de control de longitud fija |
02133cam a2200301 i 4500 |
| 001 - NÚMERO DE CONTROL |
| campo de control |
15869 |
| 003 - IDENTIFICADOR DEL NÚMERO DE CONTROL |
| campo de control |
DO-SdUEMH |
| 005 - FECHA Y HORA DE LA ÚLTIMA TRANSACCIÓN |
| campo de control |
20260302235955.0 |
| 007 - CAMPO FIJO DE DESCRIPCIÓN FÍSICA--INFORMACIÓN GENERAL |
| campo de control de longitud fija |
ta |
| 008 - DATOS DE LONGITUD FIJA--INFORMACIÓN GENERAL |
| campo de control de longitud fija |
260302s2007 dr a|||gr|||||0|0 ||spa|d |
| 040 ## - FUENTE DE LA CATALOGACIÓN |
| Centro catalogador/agencia de origen |
DO-SdUEMH |
| Lengua de catalogación |
spa |
| Normas de descripción |
rda |
| 041 ## - CÓDIGO DE LENGUA |
| Código de lengua del texto/banda sonora o título independiente |
spa |
| 082 ## - NÚMERO DE LA CLASIFICACIÓN DECIMAL DEWEY |
| Colección |
Colección Dominicana |
| Número de clasificación |
362.1969792 |
| Número de documento/Ítem |
R426m |
| 110 1# - ENTRADA PRINCIPAL--NOMBRE DE ENTIDAD CORPORATIVA |
| Nombre de entidad corporativa o nombre de jurisdicción como elemento de entrada |
República Dominicana. |
| Unidad subordinada |
Consejo Presidencial del SIDA |
| 9 (RLIN) |
3522 |
| 245 10 - MENCIÓN DE TÍTULO |
| Título |
Marco estratégico nacional multisectorial : |
| Resto del título |
República Dominicana, 2007 / |
| Mención de responsabilidad, etc. |
Consejo Presidencial del SIDA (COPRESIDA) |
| 264 #1 - PRODUCCIÓN, PUBLICACIÓN, DISTRIBUCIÓN, FABRICACIÓN Y COPYRIGHT |
| Lugar de producción, publicación, distribución, fabricación |
Santo Domingo, República Dominicana : |
| Nombre del de productor, editor, distribuidor, fabricante |
Consejo Presidencial del SIDA (COPRESIDA), |
| Fecha de producción, publicación, distribución, fabricación o copyright |
2007 |
| 300 ## - DESCRIPCIÓN FÍSICA |
| Extensión |
70 páginas : |
| Otras características físicas |
ilustraciones ; |
| Dimensiones |
23 cm |
| 336 ## - TIPO DE CONTENIDO |
| Fuente |
rdacontent |
| Término de tipo de contenido |
texto |
| Código de tipo de contenido |
txt |
| 337 ## - TIPO DE MEDIO |
| Fuente |
rdamedia |
| Nombre del tipo de medio |
sin mediación |
| Código del tipo de medio |
n |
| 338 ## - TIPO DE SOPORTE |
| Fuente |
rdacarrier |
| Nombre del tipo de soporte |
volumen |
| Código del tipo de soporte |
nc |
| 490 0# - MENCIÓN DE SERIE |
| Mención de serie |
Plan Estratégico Nacional (PEN) para la Prevención y el Control de las ITS, VIH y SIDA 2007-2015 ; |
| Designación de volumen o secuencia |
2 |
| 500 ## - NOTA GENERAL |
| Nota general |
Realizado con el apoyo del Programa Respuesta Nacional frente al VIH/SIDA (Donación No. DMR-202-GO1H-00) y The Global Fund. |
| 504 ## - NOTA DE BIBLIOGRAFÍA, ETC. |
| Nota de bibliografía, etc. |
Bibliografía en página 62. |
| 505 2# - NOTA DE CONTENIDO CON FORMATO |
| Nota de contenido con formato |
Discurso Presidente del COPRESIDA -- Presentación Director Ejecutivo -- Miembros del COPRESIDA -- Introducción -- Antecedentes -- Resumen Ejecutivo del Análisis de Situación y Respuesta -- Marco Conceptual y Metodológico -- Temas Estratégicos Identificados -- Temas Estratégicos -- Mesas Técnicas -- Análisis del Ambiente Externo e Interno -- Temas Estratégicos orientados hacia las ventajas comparativas FO -- Temas Estratégicos orientados hacia la movilización de recursos FA -- Temas Estratégicos orientados a la inversión, eliminación, inacción o colaboración DO -- Temas Estratégicos orientados al control del daño DA -- Marco Estratégico -- Definición de Estrategias -- Visión -- Estrategia 1. Políticas Públicas -- Estrategia 2. Movilización Social -- Estrategia 3. Promoción y Prevención -- Estrategia 4. Atención Integral. |
| 650 #7 - PUNTO DE ACCESO ADICIONAL DE MATERIA--TÉRMINO DE MATERIA |
| Término de materia o nombre geográfico como elemento de entrada |
SIDA |
| Subdivisión geográfica |
República Dominicana |
| 9 (RLIN) |
3523 |
| 650 #4 - PUNTO DE ACCESO ADICIONAL DE MATERIA--TÉRMINO DE MATERIA |
| Término de materia o nombre geográfico como elemento de entrada |
Enfermedades de transmisión sexual |
| Subdivisión geográfica |
República Dominicana |
| Subdivisión general |
Prevención |
| 9 (RLIN) |
2711 |
| 942 ## - ELEMENTOS DE PUNTO DE ACCESO ADICIONAL (KOHA) |
| Fuente del sistema de clasificación o colocación |
Dewey Decimal Classification |
| Tipo de ítem Koha |
Libro |
| Suprimir en OPAC |
No |